| 000 | 00562nmm a2200169Ia 4500 | ||
|---|---|---|---|
| 008 | 251105s9999||||xx |||||||||||||||||und|| | ||
| 020 | _a9788490732601 | ||
| 041 | _aspa | ||
| 100 | _aVaro Pineda, Francisco | ||
| 245 | 0 |
_aMoisés y Elías hablan con Jesús : _b Pentateuco y libros históricos: de su composición a su recepción |
|
| 264 |
_a[Madrid, España] : _bEditorial Verbo Divino, _c2016 |
||
| 300 | _a512 páginas | ||
| 490 | _aEstudios bíblicos | ||
| 650 | _aReligion(s) | ||
| 856 | _uhttps://public.digitaliapublishing.com/a/44327 | ||
| 942 | _cCF | ||
| 999 |
_c87858 _d87858 |
||